000
00303nam a2200121Ia 4500
008
190216s9999||||xx |||||||||||||| ||und||
100
_a
Narayanan Nair P
245
0
_a
Samakalika Bharatacaritram
260
_b
Kerala Bhasha Institute
_c
1974
300
_a
752p
650
_a
History Of India
942
_c
BK
999
_c
19310
_d
19310